Statistics for Type the letter j 500 times

Click here to take the quiz!

General Stats

  • This quiz has been taken 11 times
  • The average score is 446 of 500

Answer Stats

Answer% Correct
j
100%
j
100%
j
100%
j
100%
j
100%
j
100%
j
100%
j
100%
j
100%
j
100%
j
100%
j
100%
j
100%
j
100%
j
100%
j
100%
j
100%
j
100%
j
100%
j
100%
j
100%
j
100%
j
100%
j
100%
j
100%
j
100%
j
100%
j
100%
j
100%
j
100%
j
100%
j
100%
j
100%
j
100%
j
100%
j
100%
j
100%
j
100%
j
100%
j
100%
j
100%
j
100%
j
100%
j
100%
j
100%
j
100%
j
100%
j
100%
j
100%
j
100%
j
100%
j
100%
j
100%
j
100%
j
100%
j
100%
j
100%
j
100%
j
100%
j
100%
j
100%
j
100%
j
100%
j
100%
j
100%
j
100%
j
100%
j
100%
j
100%
j
100%
j
100%
j
100%
j
100%
j
100%
j
100%
j
100%
j
100%
j
100%
j
100%
j
100%
j
100%
j
100%
j
100%
j
100%
j
100%
j
100%
j
100%
j
100%
j
100%
j
100%
j
100%
j
100%
j
100%
j
100%
j
100%
j
100%
j
100%
j
100%
j
100%
j
100%
j
100%
j
100%
j
100%
j
100%
j
100%
j
100%
j
100%
j
100%
j
100%
j
100%
j
100%
j
100%
j
100%
j
100%
j
100%
j
100%
j
100%
j
100%
j
100%
j
100%
j
100%
j
100%
j
100%
j
100%
j
100%
j
100%
j
100%
j
100%
j
100%
j
100%
j
100%
j
100%
j
100%
j
100%
j
100%
j
100%
j
100%
j
100%
j
100%
j
100%
j
100%
j
100%
j
100%
j
100%
j
100%
j
100%
j
100%
j
100%
j
100%
j
100%
j
100%
j
100%
j
100%
j
100%
j
100%
j
100%
j
100%
j
100%
j
100%
j
100%
j
100%
j
100%
j
100%
j
100%
j
100%
j
100%
j
100%
j
100%
j
100%
j
100%
j
100%
j
100%
j
100%
j
100%
j
100%
j
100%
j
100%
j
100%
j
100%
j
100%
j
100%
j
100%
j
100%
j
100%
j
100%
j
100%
j
100%
j
100%
j
100%
j
100%
j
100%
j
100%
j
100%
j
100%
j
100%
j
100%
j
100%
j
100%
j
100%
j
100%
j
100%
j
100%
j
100%
j
100%
j
100%
j
100%
j
100%
j
100%
j
100%
j
100%
j
100%
j
100%
j
100%
j
100%
j
100%
j
100%
j
100%
j
100%
j
100%
j
100%
j
100%
j
100%
j
100%
j
100%
j
100%
j
100%
j
100%
j
100%
j
100%
j
100%
j
100%
j
100%
j
100%
j
100%
j
100%
j
100%
j
100%
j
100%
j
100%
j
100%
j
100%
j
100%
j
100%
j
100%
j
100%
j
100%
j
100%
j
100%
j
100%
j
100%
j
100%
j
100%
j
100%
j
100%
j
100%
j
100%
j
100%
j
100%
j
100%
j
100%
j
100%
j
100%
j
100%
j
100%
j
100%
j
100%
j
100%
j
100%
j
100%
j
100%
j
100%
j
100%
j
100%
j
100%
j
100%
j
100%
j
100%
j
100%
j
100%
j
100%
j
100%
j
100%
j
100%
j
100%
j
100%
j
100%
j
100%
j
100%
j
100%
j
100%
j
100%
j
100%
j
100%
j
100%
j
100%
j
100%
j
100%
j
100%
j
100%
j
100%
j
100%
j
100%
j
100%
j
100%
j
100%
j
100%
j
100%
j
100%
j
100%
j
100%
j
100%
j
100%
j
100%
j
100%
j
100%
j
100%
j
100%
j
100%
j
100%
j
100%
j
100%
j
100%
j
100%
j
100%
j
100%
j
100%
j
100%
j
100%
j
100%
j
100%
j
100%
j
100%
j
100%
j
100%
j
100%
j
100%
j
100%
j
100%
j
100%
j
100%
j
100%
j
100%
j
100%
j
100%
j
100%
j
100%
j
100%
j
100%
j
100%
j
100%
j
100%
j
100%
j
100%
j
100%
j
100%
j
100%
j
100%
j
100%
j
100%
j
100%
j
100%
j
100%
j
100%
j
100%
j
100%
j
100%
j
100%
j
100%
j
100%
j
100%
j
100%
j
100%
j
100%
j
100%
j
100%
j
100%
j
100%
j
100%
j
100%
j
100%
j
100%
j
100%
j
100%
j
100%
j
100%
j
100%
j
100%
j
100%
j
100%
j
100%
j
100%
j
100%
j
50%
j
50%
j
50%
j
50%
j
50%
j
50%
j
50%
j
50%
j
50%
j
50%
j
50%
j
50%
j
50%
j
50%
j
50%
j
50%
j
50%
j
50%
j
50%
j
50%
j
50%
j
50%
j
50%
j
50%
j
50%
j
50%
j
50%
j
50%
j
50%
j
50%
j
50%
j
50%
j
50%
j
50%
j
50%
j
50%
j
50%
j
50%
j
50%
j
50%
j
50%
j
50%
j
50%
j
50%
j
50%
j
50%
j
50%
j
50%
j
50%
j
50%
j
50%
j
50%
j
50%
j
50%
j
50%
j
50%
j
50%
j
50%
j
50%
j
50%
j
50%
j
50%
j
50%
j
50%
j
50%
j
50%
j
50%
j
50%
j
50%
j
50%
j
50%
j
50%
j
50%
j
50%
j
50%
j
50%
j
50%
j
50%
j
50%
j
50%
j
50%
j
50%
j
50%
j
50%
j
50%
j
50%
j
50%
j
50%
j
50%
j
50%
j
50%
j
50%
j
50%
j
50%
j
50%
j
50%
j
50%
j
50%
j
50%
j
50%
j
50%
j
50%
j
50%
j
50%
j
50%
j
50%
j
50%
h
33%

Score Distribution

Percentile by Number Answered

Percent of People with Each Score

Your Score History

You have not taken this quiz